Ładuje się......

Chapters in the administrative history & Medieval England /

Opis bibliograficzny
1. autor: T. F. Tout
Format: Printed Book
Język:English
Wydane: Manchester : Manchester University Press, 1937.
LEADER 00488nam a2200121Ia 4500
008 160114b xxu||||| |||| 00| 0 eng d
082 |a 942.035 
100 |a T. F. Tout 
245 |a Chapters in the administrative history & Medieval England /  |c by T. F. Tout 
260 |a Manchester :  |b Manchester University Press,   |c 1937. 
942 |c REF 
999 |c 294010  |d 294010 
952 |0 0  |1 0  |4 0  |6 942_035000000000000_TOU_C  |7 0  |9 334454  |a HIS  |b HIS  |c REF  |d 2016-02-02  |i 658  |l 0  |o 942.035 TOU/C  |p HIS658  |r 2019-03-26  |w 2016-02-02  |y REF